| 000 | 00375nam a2200145 a 4500 | ||
|---|---|---|---|
| 001 | 3168 | ||
| 003 | CDMR | ||
| 005 | 20130116135240.0 | ||
| 008 | 130130s2000||||||||||||||||||||||||||||d | ||
| 040 |
_aCDMR _bcat _cCDMR |
||
| 100 | 1 |
_aDoisneau, Robert _92309 |
|
| 245 | 1 | 0 |
_aPor la libertad de prensa _cDOISNEAU, Robert |
| 260 |
_aParĂs _c2000 _bReporteros sin Fronteras |
||
| 942 | _cMON | ||
| 999 |
_c3168 _d3168 |
||